| 000 | 00521nam a2200181Ia 4500 | ||
|---|---|---|---|
| 999 |
_c10645 _d10645 |
||
| 003 | OSt | ||
| 005 | 20200215103631.0 | ||
| 008 | 190216s9999||||xx |||||||||||||| ||und|| | ||
| 040 | _coclc | ||
| 082 |
_a338.954 _bAGA/E |
||
| 100 |
_aAgarwal, R C _9586 |
||
| 245 | 0 |
_aEconomics Of Development And Planning / _cR C Agarwal |
|
| 250 | _a1st ed. | ||
| 260 |
_bLakshmi Narain Agarwal Pub, _c2002. _aAgra: |
||
| 300 | _a144p | ||
| 650 | _aEconomics | ||
| 942 |
_cBK _2ddc _h338.954 _iAGA/E _k338.954 _mAGA/E |
||